| 000 | 00434nam a2200181Ia 4500 | ||
|---|---|---|---|
| 005 | 20250603150035.0 | ||
| 008 | 250603s9999 xx 000 0 und d | ||
| 020 | _a9789780322656 | ||
| 050 | _aP 96 .C86/ | ||
| 100 | _aCunningham, Hugh W. | ||
| 245 | 0 | _aWriting for mass communications | |
| 260 | _aIbadan | ||
| 260 | _bStirling-Horden Publishers Ltd. | ||
| 260 | _c2008 | ||
| 300 | _a231 p | ||
| 650 | _aIbadan | ||
| 942 | _cBK | ||
| 999 |
_c43585 _d43585 |
||